000 00409 a2200157 4500
005 20250514173345.0
008 250514b |||||||| |||| 00| 0 eng d
020 _a9789353506247
041 _aEnglish
100 _aDevore J.L.
_9158924
245 _aProbability And Statistics For Engineering And The Sciences
250 _a9th
260 _bCengage Learning India
_c2024
300 _a715
942 _cBK
999 _c365451
_d365451